000
00243 a2200097 4500
001
13006
100
_a
James,H
245
_a
Turn of the Screw: Authoritative Text contexts criticism
260
_a
_b
W W Norton & Company
_c
090
_c
10010
_d
10010
942
_a
NUST-CAE
_c
M
_c
16
999
_c
248079
_d
248079